000 00432nam a2200181Ia 4500
008 210210b1962 xxu||||| |||| 00| 0 eng d
041 _aeng
082 _a335/269
100 _aRAO (V K R V) Ed
245 _aAgricultural labour in India
260 _aBombay
_bAsia Publishing House
_c1962
650 _alabour
650 _aIndia
650 _ain
650 _aAgricultural
690 _aIndian Economics
906 _a004611
999 _c126858
_d126858